[Event "PRVA LIGA CENTRALNE SRBIJE 2015"]
[Site "Kragujevac"]
[Date "2015.09.09"]
[Round "6.6"]
[White "Savic, Miodrag R"]
[Black "Lapcevic, Milos"]
[Result "1-0"]
[WhiteElo "2503"]
[BlackElo "2376"]
[PlyCount "101"]
[EventDate "2015.09.05"]

1. e4 c5 2. c3 d6 3. Nf3 Nf6 4. h3 Nc6 5. Bd3 d5 6. exd5 Qxd5 7. Qe2 g6 8. Bc4
Qd7 9. d4 cxd4 10. O-O d3 11. Bxd3 Bg7 12. Rd1 Qc7 13. a4 O-O 14. Na3 b6 15.
Nb5 Qb8 16. Bc4 Bb7 17. Nbd4 e6 18. Nxc6 Bxc6 19. Ne5 Bd5 20. Bxd5 exd5 21. Ng4
Nxg4 22. Qxg4 d4 23. cxd4 Qb7 24. d5 Rad8 25. Qf3 Qa6 26. Ra3 Qc4 27. Qd3 Qxd3
28. Raxd3 Rd7 29. b3 f5 30. Kf1 Kf7 31. Bf4 Rfd8 32. h4 Bf6 33. g3 Be7 34. Ke2
Bd6 35. Bg5 Be7 36. Be3 Bb4 37. Kf3 Be7 38. Bc1 Bf6 39. Bf4 Be7 40. Be5 Bf6 41.
Bf4 Be7 42. Be3 Bb4 43. h5 gxh5 44. Rh1 Kg6 45. Rhd1 Be7 46. Bf4 Bf6 47. d6 Rc8
48. Rc1 Rc5 49. Rxc5 bxc5 50. Rd5 Bd4 51. b4 1-0

[Event "PRVA LIGA CENTRALNE SRBIJE 2015"]
[Site "Kragujevac"]
[Date "2015.09.09"]
[Round "6.6"]
[White "Blesic, Vaso"]
[Black "Arsovic, Zoran"]
[Result "1/2-1/2"]
[WhiteElo "2365"]
[BlackElo "2421"]
[PlyCount "45"]
[EventDate "2015.09.05"]

1. Nf3 c5 2. c4 Nf6 3. g3 Nc6 4. Bg2 g6 5. b3 Bg7 6. Bb2 d6 7. O-O O-O 8. d4
cxd4 9. Nxd4 Bd7 10. Nc3 Qa5 11. e3 Rac8 12. Re1 a6 13. a3 Rfe8 14. Rc1 Bg4 15.
f3 Bd7 16. f4 Qb6 17. Na4 Qa7 18. Nxc6 Bxc6 19. Bd4 Qb8 20. Nb6 Rcd8 21. Nd5
Nxd5 22. cxd5 Bd7 23. Bxg7 1/2-1/2

[Event "PRVA LIGA CENTRALNE SRBIJE 2015"]
[Site "Kragujevac"]
[Date "2015.09.09"]
[Round "6.6"]
[White "Kostic, Vladimir G"]
[Black "Ivanovic, Dragutin"]
[Result "1/2-1/2"]
[WhiteElo "2367"]
[BlackElo "2297"]
[PlyCount "74"]
[EventDate "2015.09.05"]

1. e4 g6 2. d4 Bg7 3. Nc3 c6 4. Nf3 d5 5. h3 dxe4 6. Nxe4 Bf5 7. Ng3 Be6 8. c3
Nf6 9. Bd3 O-O 10. O-O Bd5 11. Re1 Nbd7 12. Nh2 b5 13. Bf4 a6 14. a4 c5 15.
axb5 c4 16. Bc2 axb5 17. Qe2 Re8 18. Nf3 Qb6 19. Ne5 Qb7 20. f3 Nxe5 21. Bxe5
Nd7 22. Bxg7 Kxg7 23. Ne4 Qc6 24. Qf2 Rxa1 25. Rxa1 Ra8 26. Re1 Re8 27. h4 e5
28. dxe5 Rxe5 29. Qd4 Qb6 30. Ra1 Bxe4 31. fxe4 Qe6 32. Ra7 Nf6 33. Ra8 Qe7 34.
Ra7 Qe6 35. Ra8 Qe7 36. Ra7 Qe6 37. Ra8 Qe7 1/2-1/2

[Event "PRVA LIGA CENTRALNE SRBIJE 2015"]
[Site "Kragujevac"]
[Date "2015.09.09"]
[Round "6.6"]
[White "Vilimonovic, Bozidar"]
[Black "Bozic, Milan"]
[Result "0-1"]
[WhiteElo "2202"]
[BlackElo "2438"]
[PlyCount "86"]
[EventDate "2015.09.05"]

1. d4 d6 2. c4 c6 3. Nc3 e5 4. e3 Be7 5. Nf3 Qc7 6. Be2 Bg4 7. O-O Nf6 8. e4
Nbd7 9. h3 Bh5 10. d5 Nc5 11. Ne1 Bg6 12. f3 a5 13. g4 Nfd7 14. Kg2 h5 15. Be3
a4 16. Qd2 Bh7 17. Kg1 g6 18. Ng2 hxg4 19. hxg4 f5 20. Bg5 f4 21. Bxe7 Kxe7 22.
Kf2 Bg8 23. dxc6 bxc6 24. Rad1 Ne6 25. Ne1 Rh2+ 26. Kg1 Rh3 27. Rf2 Bf7 28. Bf1
Rhh8 29. Rh2 Ndc5 30. Nc2 Ng5 31. Qf2 Rxh2 32. Kxh2 Rh8+ 33. Kg1 Bxc4 34. Nb4
Be6 35. Bg2 Qb6 36. a3 Bc4 37. Rd2 Rh3 38. Rd1 Rxf3 39. Qh4 Ncxe4+ 40. Kh2 Qf2
41. Nxc6+ Ke6 42. Qxf2 Nxf2 43. Kg1 Nxd1 0-1